Dopad revízie položiek materiálnej deprivácie na hodnoty ukazovateľov materiálnej deprivácie slovenských domácností diplomová práca

Enregistré dans:
Détails bibliographiques
Auteur principal: Gajdošík, Martin
Collectivité auteur: Fakulta hospodárskej informatiky EU. Katedra štatistiky
Autres auteurs: Šoltés, Erik, 1974-
Format: Livre
Langue:slovaque
Publié: Bratislava 2016
Tags: Ajouter un tag
Pas de tags, Soyez le premier à ajouter un tag!

MARC

LEADER 00000nbm a2200000 4500
001 0216932
005 20170320150807.9
041 0 |a slo 
044 |a SK 
245 1 0 |a Dopad revízie položiek materiálnej deprivácie na hodnoty ukazovateľov materiálnej deprivácie slovenských domácností  |b diplomová práca  |c Martin Gajdošík ; školiteľ: Erik Šoltés 
264 1 |a Bratislava  |c 2016 
300 |a 90 s. 
100 1 |a Gajdošík, Martin 
700 1 |a Šoltés, Erik, 1974- 
710 2 |a Fakulta hospodárskej informatiky EU. Katedra štatistiky